000 00893nas a2200277 4500
001 BR9206010
003 BR-BrBNA
005 20231205092901.0
007 ta
008 230509b bl.|||p| |||| 00| 00por d
040 _aBR-BrBNA
_bpor
_cBiblioteca Nacional de Agricultura
041 _a(Pt)
072 _aF61; H50
100 1 _aDiniz, V. de P.M.
100 1 _aCalbo, M.E.R.
245 1 _aEfeito da aplicacao foliar de fosforo sobre a toxidez de aluminio em plantas de tomate
246 1 _aEffects of foliar application of phosphorus on aluminium toxicity in tomato plants
650 _aTOMATE
650 _aFOSFORO
650 _aALUMINIO
650 _aFITOTOXICIDADE
650 _aSTRESS
773 0 _tRevista Brasileira de Fisiologia Vegetal (Brazil)
_xISSN 0103-3131
_g(1990), v. 2(2) p. 57-61
_wBR9206010
909 _a202311
_bLúcia
_c55
_dLúcia Elande
942 _2AGRIS
_n0
_cANA
999 _c134868
_d134868